An Introduction to Literary Criticism. (Record no. 2189)

MARC details
000 -LEADER
fixed length control field 00362nam a22001217a 4500
005 - DATE AND TIME OF LATEST TRANSACTION
control field 20200910104229.0
008 - FIXED-LENGTH DATA ELEMENTS--GENERAL INFORMATION
fixed length control field 200910b ||||| |||| 00| 0 eng d
020 ## - INTERNATIONAL STANDARD BOOK NUMBER
International Standard Book Number 0582792762
040 ## - CATALOGING SOURCE
Transcribing agency CML
245 ## - TITLE STATEMENT
Title An Introduction to Literary Criticism.
Statement of responsibility, etc. Dutton, R.
260 ## - PUBLICATION, DISTRIBUTION, ETC.
Place of publication, distribution, etc. England
Name of publisher, distributor, etc. Longman Group
Date of publication, distribution, etc. 1984
942 ## - ADDED ENTRY ELEMENTS (KOHA)
Source of classification or shelving scheme Dewey Decimal Classification
Koha item type Books
Edition 1st Edition
Classification part 809
Call number suffix DUT
Holdings
Withdrawn status Lost status Source of classification or shelving scheme Damaged status Not for loan Collection code Home library Current library Shelving location Date acquired Total Checkouts Full call number Barcode Date last seen Copy number Price effective from Koha item type
    Dewey Decimal Classification     Literature & Rhetoric Chalimbana Main Library Chalimbana Main Library Literature & Rhetoric 09/10/2020   809 DUT 9780582792760 09/10/2020 1 09/10/2020 Books

Powered by Koha